Anything but Djibouti Quiz Stats

 Plays Quiz not verified by Sporcle

Score 0/30 Timer 05:00
9 Plays Today
Hint Answer % Correct
Begin with the letter DDenmark
95.2%
Border EthiopiaSomalia
90.6%
Have a Gulf of Aden CoastlineSomalia
90.6%
Border EthiopiaKenya
89.8%
Have an African capital ending in iKenya (Nairobi)
89.8%
Border EthiopiaSudan
88.7%
Border EthiopiaEritrea
88.1%
Border EthiopiaSouth Sudan
87.7%
Contain the letter JJapan
84.6%
Begin with the letter DDominica
80.2%
Begin with the letter DDominican Republic
79.3%
Contain the letter JJamaica
75.9%
Begin with the letter DDemocratic Republic of Congo
75.3%
Contain the letter JJordan
75.3%
Contain the letter JAzerbaijan
75.1%
Hint Answer % Correct
End in the letter iFiji
74.8%
Contain the letter JFiji
74.8%
End in the letter iMali
74.8%
Have a Gulf of Aden CoastlineYemen
69.9%
Contain the letter JTajikistan
63.6%
End in the letter iMalawi
63.5%
End in the letter iKiribati
62.7%
End in the letter iBurundi
61.4%
End in the letter iHaiti
56.2%
Have an African capital ending in iLibya (Tripoli)
53.3%
Have an African capital ending in iRwanda (Kigali)
51.6%
End in the letter iBrunei
51%
Have an African capital ending in iCentral African Republic (Bangui)
49.6%
End in the letter ieSwatini
41.9%
Have an African capital ending in iComoros (Moroni)
37.5%

You're not logged in!

Compare scores with friends on all Sporcle quizzes.
OR
Log In

Show Comments

Extras

Top Quizzes Today


Score Distribution

Your Account Isn't Verified!

In order to create a playlist on Sporcle, you need to verify the email address you used during registration. Go to your Sporcle Settings to finish the process.

Report this User

Report this user for behavior that violates our Community Guidelines.

Details: